[Event "London Classic Open 2015"]
[Site "London ENG"]
[Date "2015.12.08"]
[Round "6.12"]
[White "Martins, David Pires Tavares"]
[Black "Gledura, Benjamin"]
[Result "1-0"]
[WhiteTitle "FM"]
[BlackTitle "IM"]
[WhiteElo "2372"]
[BlackElo "2513"]
[WhiteFideId "1909991"]
[BlackFideId "712779"]
[EventDate "2015.12.04"]

1. Nf3 d5 2. b3 Bf5 3. Bb2 e6 4. e3 Nf6 5. Be2 h6 6. O-O Be7 7. c4 c6 8. d3 O-O
9. Nbd2 Nbd7 10. Qc2 Bh7 11. a3 a5 12. Bc3 b5 13. cxb5 cxb5 14. b4 Rc8 15. Qb3
Qc7 16. Rfc1 axb4 17. axb4 Qb7 18. Nd4 Ne8 19. Qb2 Ne5 20. Nxe6 Nxd3 21. Bxd3
fxe6 22. Bxh7+ Kxh7 23. Qb1+ Kg8 24. Nb3 Qd7 25. Qd3 Rc4 26. Nd2 Rc7 27. Nf3 Qc8
28. Bb2 Bxb4 29. Qxb5 Bc3 30. Bxc3 Rxc3 31. Qb2 Rxc1+ 32. Rxc1 Qa6 33. Qe5 Qd6
34. Qxd6 Nxd6 35. Nd4 e5 36. Nc6 d4 37. exd4 exd4 38. Nxd4 Nf5 39. Nf3 Rd8 40.
Kf1 Kf7 41. g3 g5 42. Rc6 Rd6 43. Rc5 Kf6 44. Kg2 Nd4 45. Ne5 Re6 46. Ng4+ Kg6
47. Rd5 Nf5 48. Ne5+ Kg7 49. Kf3 Ne7 50. Rc5 Rf6+ 51. Ke3 Nf5+ 52. Ke4 Nd6+ 53.
Kd5 Nf7 54. Nd3 Rd6+ 55. Ke4 Re6+ 56. Kf5 Rd6 57. Rc3 Rf6+ 58. Kg4 Rd6 59. f4
Kg6 60. Kf3 Kf6 61. Ra3 gxf4 62. gxf4 Rb6 63. Nc5 Kg6 64. Re3 Rc6 65. Nb3 Rc4
66. Nd2 Rc6 67. Nf1 Rf6 68. Ng3 Nd6 69. Re5 Nf7 70. Ra5 Rb6 71. Kg4 Nd6 72. Rd5
Ne8 73. f5+ Kf7 74. Rd7+ Kf8 75. Rd4 Nf6+ 76. Kf4 Kf7 77. Ra4 Rb7 78. Nf1 Re7
79. Ne3 Re8 80. h3 Re7 81. Rd4 Re8 82. Ng4 Nxg4 83. hxg4 Re1 84. Rd7+ Kf6 85.
Rd6+ Kg7 86. Rg6+ Kh7 87. Re6 Ra1 88. Re7+ Kg8 89. f6 Ra5 90. Rg7+ Kh8 91. g5
Ra4+ 92. Kf5 Ra5+ 93. Kg4 Ra4+ 94. Kh5 Ra6 95. Rb7 hxg5 96. Kg6 1-0

[Event "London Classic Open 2015"]
[Site "London ENG"]
[Date "2015.12.08"]
[Round "6.13"]
[White "Vakhidov, Jahongir"]
[Black "Lahtela, Silvo"]
[Result "1-0"]
[WhiteTitle "GM"]
[WhiteElo "2546"]
[BlackElo "2236"]
[WhiteFideId "14201801"]
[BlackFideId "4634276"]
[EventDate "2015.12.04"]

1. c4 g6 2. d4 Bg7 3. e4 d6 4. Nc3 Nf6 5. f3 O-O 6. Be3 c5 7. dxc5 dxc5 8. Qxd8
Rxd8 9. Bxc5 Nc6 10. Nge2 Nd7 11. Be3 Nde5 12. Nf4 Na5 13. Nfd5 Nexc4 14. Bc5
Nxb2 15. Bxe7 Rxd5 16. Nxd5 Nd3+ 17. Bxd3 Bxa1 18. Ke2 Be5 19. f4 Bg4+ 20. Ke3
Bg7 21. f5 gxf5 22. exf5 Nc6 23. Bf6 Nb4 24. Nxb4 Bxf6 25. Nd5 Bg5+ 26. Kd4 Bh4
27. h3 Bf2+ 28. Kc3 1-0

[Event "London Classic Open 2015"]
[Site "London ENG"]
[Date "2015.12.08"]
[Round "6.14"]
[White "Gharamian, Tigran"]
[Black "Gulamali, Kazim"]
[Result "1-0"]
[WhiteTitle "GM"]
[BlackTitle "FM"]
[WhiteElo "2654"]
[BlackElo "2379"]
[WhiteFideId "13301527"]
[BlackFideId "2024764"]
[EventDate "2015.12.04"]

1. e4 c5 2. Nf3 e6 3. g3 Nc6 4. Bg2 Nf6 5. Qe2 d6 6. O-O Be7 7. c3 e5 8. Rd1 O-O
9. d4 cxd4 10. cxd4 exd4 11. Nxd4 Bg4 12. Bf3 Nxd4 13. Rxd4 Bxf3 14. Qxf3 Qb6
15. Rd1 Rfe8 16. Nc3 Rac8 17. Rb1 Qa6 18. Bf4 Bf8 19. Rd4 Rc4 20. Rbd1 Rxd4 21.
Rxd4 Qb6 22. Rd2 Qc6 23. Re2 b5 24. Kg2 Nd7 25. Nd5 Ne5 26. Bxe5 dxe5 27. b4 Rc8
28. Re3 Qe6 29. Rc3 Rc6 30. Qd3 a6 31. Qc2 Rxc3 32. Qxc3 f5 33. Qd3 g6 34. a3
Kf7 35. Qf3 Bh6 36. g4 f4 37. h3 Qc6 38. Qb3 Kf8 39. Qb2 Bg7 40. Qb3 Bh6 41. h4
Bg7 42. g5 Qc8 43. Qh3 Qc4 44. Qe6 Qxe4+ 45. Kh2 Qf5 46. Qe7+ Kg8 47. Nf6+ 1-0

[Event "London Classic Open 2015"]
[Site "London ENG"]
[Date "2015.12.08"]
[Round "6.15"]
[White "Kiik, Kalle"]
[Black "Hillarp Persson, Tiger"]
[Result "0-1"]
[WhiteTitle "IM"]
[BlackTitle "GM"]
[WhiteElo "2382"]
[BlackElo "2521"]
[WhiteFideId "4500075"]
[BlackFideId "1700812"]
[EventDate "2015.12.04"]

1. d4 Nf6 2. c4 e6 3. Nc3 Bb4 4. a3 Bxc3+ 5. bxc3 O-O 6. e3 Nc6 7. Nf3 d6 8. Nd2
e5 9. Be2 b6 10. O-O Qe7 11. a4 Re8 12. Nb3 a5 13. Bf3 e4 14. Be2 Ba6 15. Ba3
Qd7 16. Re1 Ne7 17. c5 Bxe2 18. Rxe2 Ng6 19. cxd6 cxd6 20. Nd2 d5 21. Rb1 Rac8
22. Rxb6 Rxc3 23. Bc5 Nh4 24. h3 h6 25. Nf1 Nh7 26. Reb2 Ng5 27. Qh5 Ngf3+ 28.
Kh1 Rc1 29. Rb1 Rxb1 30. Rxb1 Re6 31. gxf3 Rb6 32. Qxh4 Rxb1 33. Kg1 exf3 34.
Qh5 Qxa4 35. Qxf3 Qc4 36. Qg2 a4 37. h4 Ra1 38. Qh3 Qa6 39. e4 dxe4 40. d5 a3
41. d6 a2 0-1

[Event "London Classic Open 2015"]
[Site "London ENG"]
[Date "2015.12.08"]
[Round "6.16"]
[White "Guramishvili, Sopiko"]
[Black "Kjartansson, Gudmundur"]
[Result "1-0"]
[WhiteTitle "IM"]
[BlackTitle "IM"]
[WhiteElo "2368"]
[BlackElo "2477"]
[WhiteFideId "13602888"]
[BlackFideId "2301318"]
[EventDate "2015.12.04"]

1. d4 d5 2. c4 e6 3. Nc3 c6 4. e3 Nf6 5. Nf3 Nbd7 6. Qc2 Bd6 7. g4 h6 8. h3 a6
9. c5 Be7 10. Bd2 b6 11. cxb6 c5 12. Na4 Ne4 13. Ba5 Bb7 14. Bd3 O-O 15. Nc3 f5
16. gxf5 exf5 17. O-O-O c4 18. Bxe4 fxe4 19. Ne5 Bd6 20. f4 exf3 21. Ng4 Qg5 22.
Rdg1 f2 23. Rf1 h5 24. Nxf2 Qxe3+ 25. Kb1 Qxd4 26. Rhg1 Rf6 27. Nb5 axb5 28. Bc3
Qxb6 29. Bxf6 Nxf6 30. Qg6 Bf8 31. Ne4 dxe4 32. Rxf6 Qc7 33. Rf5 Ra6 34. Qxh5
Qe7 35. Rgf1 Ra8 36. Rf7 Qd6 37. R7f4 Qd3+ 38. Ka1 Bd5 39. Rd1 Rxa2+ 40. Kxa2
Qb3+ 41. Kb1 Be6 42. Rd8 1-0

[Event "London Classic Open 2015"]
[Site "London ENG"]
[Date "2015.12.08"]
[Round "6.17"]
[White "Swayams, Mishra"]
[Black "Tania, Sachdev"]
[Result "1/2-1/2"]
[WhiteTitle "IM"]
[BlackTitle "IM"]
[WhiteElo "2477"]
[BlackElo "2357"]
[WhiteFideId "5028183"]
[BlackFideId "5007844"]
[EventDate "2015.12.04"]

1. d4 d5 2. c4 e6 3. Nf3 Nf6 4. Nc3 Be7 5. Bf4 O-O 6. e3 c5 7. dxc5 Bxc5 8. Qc2
Nc6 9. Rd1 Qb6 10. a3 d4 11. exd4 Nxd4 12. Nxd4 Bxd4 13. Na4 Qd8 14. Be2 e5 15.
Be3 Bd7 16. Bxd4 exd4 17. b4 Bxa4 18. Qxa4 Ne4 19. Qc2 Nc3 20. Rd2 a5 21. b5
Nxe2 22. Kxe2 Qe7+ 23. Kf1 Qxa3 24. Qd3 Qc1+ 25. Rd1 Qg5 26. h4 Qe7 27. g3 Rac8
28. Kg2 Qe6 29. Rc1 Rfd8 30. Rhe1 Qd6 31. Re4 Qc5 32. h5 h6 33. Rce1 a4 34. R1e2
a3 35. Re5 Qb4 36. c5 Qc3 37. Qxc3 dxc3 38. Ra2 f6 39. Rf5 Rd1 40. c6 bxc6 41.
Rc5 Rd5 42. Rxc3 Rxb5 43. Raxa3 Rxh5 44. Ra7 Rg5 45. f4 Rg6 46. Ra5 Rb8 47. Rac5
Rb2+ 48. Kh3 Kh7 49. Rxc6 f5 50. Rxg6 Kxg6 51. Rc6+ Kh7 52. Rc5 Kg6 53. Rc6+ Kf7
54. Rc7+ Kf6 55. Rc6+ Kf7 56. Rc7+ Kf6 1/2-1/2

[Event "London Classic Open 2015"]
[Site "London ENG"]
[Date "2015.12.08"]
[Round "6.19"]
[White "Englert, Fabian"]
[Black "Cherniaev, Alexander"]
[Result "1/2-1/2"]
[WhiteTitle "FM"]
[BlackTitle "GM"]
[WhiteElo "2350"]
[BlackElo "2441"]
[WhiteFideId "24614467"]
[BlackFideId "4117301"]
[EventDate "2015.12.04"]

1. d4 Nf6 2. Nc3 d5 3. Bf4 Nh5 4. Be5 f6 5. e4 g6 6. Bg3 c6 7. Be2 Nxg3 8. hxg3
Bg7 9. exd5 cxd5 10. Bf3 e6 11. Nge2 Nc6 12. Qd3 Ne7 13. O-O-O Qd6 14. g4 Bd7
15. g3 O-O-O 16. Nf4 Kb8 17. Kb1 Rc8 18. Rhe1 Bh6 19. Nfe2 Be8 20. Rh1 Bg7 21.
Nf4 Bf7 22. a3 h6 23. Rhe1 Rhe8 24. Qb5 Nc6 25. Qa4 a6 26. Na2 g5 27. Ng2 Bg6
28. Ne3 Re7 29. Nb4 Rec7 30. Nd3 Ka7 31. c3 b5 32. Qb3 Na5 33. Qc2 Nc4 34. Ka2
Nxa3 35. Qb3 Nc4 36. Nc5 Nxe3 37. Rxe3 Bf7 38. Qa3 e5 39. b4 Rc6 40. Qb3 a5 41.
bxa5 R6c7 42. Be2 Bf8 43. Qxb5 Rxc5 44. dxc5 Rxc5 45. Qb6+ Qxb6 46. axb6+ Kxb6
47. Kb2 1/2-1/2

[Event "London Classic Open 2015"]
[Site "London ENG"]
[Date "2015.12.08"]
[Round "6.20"]
[White "Sagar, Shah"]
[Black "Beinoras, Mindaugas"]
[Result "1/2-1/2"]
[WhiteTitle "IM"]
[BlackTitle "IM"]
[WhiteElo "2441"]
[BlackElo "2344"]
[WhiteFideId "5022509"]
[BlackFideId "12802085"]
[EventDate "2015.12.04"]

1. c4 e5 2. Nc3 Nf6 3. g3 d5 4. cxd5 Nxd5 5. Bg2 Nb6 6. e3 Be7 7. Nge2 O-O 8.
O-O c6 9. f4 exf4 10. Nxf4 Na6 11. d4 Nc7 12. e4 Ne6 13. Nxe6 Bxe6 14. d5 Bd7
15. Bf4 Bg5 16. Qd4 Bxf4 17. Rxf4 Qe7 18. d6 Qe6 19. a4 Rae8 20. a5 1/2-1/2

[Event "London Classic Open 2015"]
[Site "London ENG"]
[Date "2015.12.08"]
[Round "6.21"]
[White "Wegerle, Joerg"]
[Black "Osborne, Marcus E"]
[Result "1/2-1/2"]
[WhiteTitle "IM"]
[WhiteElo "2440"]
[BlackElo "2180"]
[WhiteFideId "4644743"]
[BlackFideId "404608"]
[EventDate "2015.12.04"]

1. e4 e6 2. d4 d5 3. Bd3 dxe4 4. Bxe4 Nf6 5. Bf3 c5 6. Ne2 Nc6 7. Be3 cxd4 8.
Nxd4 Ne5 9. O-O a6 10. Nc3 Be7 11. Be2 O-O 12. f4 Ned7 13. Nb3 Qc7 14. Qe1 b5
15. Bd3 b4 16. Ne4 Bb7 17. Bd4 Nxe4 18. Bxe4 Bxe4 19. Qxe4 Nf6 20. Qe2 a5 21.
Be5 Qb6+ 22. Kh1 a4 23. Nd2 Nd7 24. Nc4 Qc5 25. Rad1 Nxe5 26. fxe5 Rad8 27. b3
Rxd1 28. Rxd1 axb3 29. axb3 f6 30. exf6 Rxf6 31. Rf1 Rxf1+ 32. Qxf1 Qd4 33. Qe1
Kh8 34. h3 Bc5 35. Ne5 Qb2 36. Qd1 h6 37. Qd8+ Kh7 38. Qd3+ Kg8 39. Qd8+ Kh7 40.
Qd3+ Kg8 41. Qd8+ Kh7 1/2-1/2

[Event "London Classic Open 2015"]
[Site "London ENG"]
[Date "2015.12.08"]
[Round "6.22"]
[White "Buchicchio, Giampaolo"]
[Black "D'Costa, Lorin A R"]
[Result "1-0"]
[WhiteTitle "FM"]
[BlackTitle "IM"]
[WhiteElo "2313"]
[BlackElo "2418"]
[WhiteFideId "811491"]
[BlackFideId "409219"]
[EventDate "2015.12.04"]

1. e4 c5 2. c3 d5 3. exd5 Qxd5 4. d4 Nf6 5. Nf3 Bg4 6. dxc5 Qxc5 7. h3 Bh5 8.
Be3 Qc8 9. Na3 Nbd7 10. Nc4 Qc7 11. Qa4 Bxf3 12. gxf3 Qb8 13. O-O-O b5 14. Nd6+
exd6 15. Bxb5 Qc7 16. Rhe1 Be7 17. Bg5 Kd8 18. Rxe7 Kxe7 19. Bxd7 Rhd8 20. Bf5
Qc5 21. Re1+ Kf8 22. Bxf6 1-0

[Event "London Classic Open 2015"]
[Site "London ENG"]
[Date "2015.12.08"]
[Round "6.23"]
[White "Koop, Thorben"]
[Black "Karthik, V. AP"]
[Result "1/2-1/2"]
[WhiteTitle "FM"]
[WhiteElo "2418"]
[BlackElo "2310"]
[WhiteFideId "24661619"]
[BlackFideId "25006479"]
[EventDate "2015.12.04"]

1. d4 Nf6 2. Nf3 e6 3. g3 d5 4. Bg2 Be7 5. O-O O-O 6. c4 c6 7. Qc2 b6 8. b3 Bb7
9. Nc3 Na6 10. Rd1 Rc8 11. Bb2 c5 12. dxc5 Rxc5 13. Ng5 h6 14. Nge4 Nxe4 15.
Nxe4 Rc7 16. Qc3 f6 17. Qe3 Qc8 18. cxd5 Bxd5 19. Rac1 Rxc1 20. Rxc1 Qb7 21. Bf3
Kh8 22. Nd2 Bb4 23. Bxd5 Qxd5 24. Nf3 Bc5 25. Qf4 Nb4 26. a3 Na2 27. Ra1 Qxb3
28. Qd2 Be7 29. Ne5 fxe5 30. Bxe5 Kh7 31. Qxa2 Qxa2 32. Rxa2 Bc5 33. e3 Rd8 34.
Kf1 g5 35. g4 Rd5 36. Bb8 a5 37. a4 Kg6 38. Ke2 Rd8 39. Be5 Rd7 40. Rd2 Rd5 41.
Bc7 Kf7 42. f3 Ke7 43. e4 Rxd2+ 44. Kxd2 Kd7 45. Be5 Bd6 46. Bg7 Bxh2 47. Bxh6
Bf4+ 48. Kd3 Kc6 49. Kc4 Be3 50. Bg7 Bf4 51. Bd4 Bc1 52. Be5 Be3 53. Bg7 Bf4 54.
Bf6 Be3 1/2-1/2

[Event "London Classic Open 2015"]
[Site "London ENG"]
[Date "2015.12.08"]
[Round "6.24"]
[White "Willmoth, Robert F"]
[Black "McDonald, Neil"]
[Result "0-1"]
[WhiteTitle "CM"]
[BlackTitle "GM"]
[WhiteElo "2150"]
[BlackElo "2417"]
[WhiteFideId "402540"]
[BlackFideId "400629"]
[EventDate "2015.12.04"]

1. Nf3 g6 2. d4 f5 3. g3 Bg7 4. Bg2 Nf6 5. O-O O-O 6. c4 d6 7. Nc3 c6 8. Qc2 Na6
9. a3 Nc7 10. Rd1 Qe8 11. d5 cxd5 12. cxd5 Bd7 13. Be3 Rc8 14. Qd2 Nb5 15. Nxb5
Ne4 16. Nxd6 exd6 17. Qb4 b6 18. Nd4 Rc5 19. Ne6 Bxe6 20. dxe6 Re5 21. Bd4 Rxe6
22. Bxg7 Kxg7 23. Qd4+ Rff6 24. e3 g5 25. Rac1 Qe7 26. b4 g4 27. h4 gxh3 28.
Bxh3 Kh6 29. Qc4 Qf7 30. Bg2 Qh5 31. Rd4 Qg6 32. Qe2 Re7 33. Qf3 Kg7 34. Qf4 Ng5
35. Rd5 Re4 36. Rc7+ Kf8 37. Bxe4 Nh3+ 38. Kf1 Nxf4 39. exf4 fxe4 40. Rg5 Qh6
41. Rxa7 Qh1+ 42. Ke2 Qf3+ 43. Ke1 e3 0-1

[Event "London Classic Open 2015"]
[Site "London ENG"]
[Date "2015.12.08"]
[Round "6.26"]
[White "Roberson, Peter T"]
[Black "Krokay, Urszula"]
[Result "1-0"]
[WhiteTitle "IM"]
[WhiteElo "2407"]
[BlackElo "2009"]
[WhiteFideId "412384"]
[BlackFideId "1125508"]
[EventDate "2015.12.04"]

1. e4 e5 2. Nf3 Nc6 3. Bb5 a6 4. Ba4 Nf6 5. O-O Be7 6. d3 b5 7. Bb3 d6 8. a3 Bg4
9. c3 h6 10. Re1 O-O 11. h3 Bh5 12. Nbd2 d5 13. g4 Bg6 14. Nh4 Bh7 15. Nf5 Bc5
16. Qf3 Bxf5 17. gxf5 d4 18. Kh1 Nh7 19. Qg3 Qg5 20. Bd5 Rad8 21. Bxc6 dxc3 22.
bxc3 Qxg3 23. fxg3 Rxd3 24. Nf1 Rxc3 25. Bb2 Rb3 26. Bxe5 Ng5 27. Bd5 Rxa3 28.
Bxc7 Nxh3 29. Rxa3 Bxa3 30. Kg2 Ng5 31. Ra1 b4 32. Ne3 Rc8 33. Bd6 Rc3 34. Kf2
Bc1 35. Bxb4 Bxe3+ 36. Ke2 Bd4 37. Bxc3 Bxc3 38. Rxa6 Kf8 39. Ra7 Be5 40. g4 Kg8
41. Re7 Bb2 42. Re8+ Kh7 43. e5 Ba3 44. Kd3 g6 45. Ra8 Be7 46. Ra7 Bd8 47. e6
gxf5 48. gxf5 1-0

[Event "London Classic Open 2015"]
[Site "London ENG"]
[Date "2015.12.08"]
[Round "6.27"]
[White "Cumming, Rhys"]
[Black "Korley, Kassa"]
[Result "1/2-1/2"]
[BlackTitle "IM"]
[WhiteElo "2140"]
[BlackElo "2389"]
[WhiteFideId "470163"]
[BlackFideId "2033801"]
[EventDate "2015.12.04"]

1. d4 Nf6 2. Bg5 d5 3. e3 c6 4. Nd2 Bg4 5. f3 Bc8 6. Bd3 Nbd7 7. f4 c5 8. c3 Qb6
9. Rb1 cxd4 10. exd4 Qe6+ 11. Qe2 Qxe2+ 12. Nxe2 Nb6 13. O-O Ng4 14. f5 g6 15.
h3 Bh6 16. Bxh6 Nxh6 17. fxg6 hxg6 18. Ng3 e6 19. Nf3 Nf5 20. Nxf5 gxf5 21. Rbe1 1/2-1/2

[Event "London Classic Open 2015"]
[Site "London ENG"]
[Date "2015.12.08"]
[Round "6.28"]
[White "Grigoriants, Sergey"]
[Black "Britton, Richard L"]
[Result "1-0"]
[WhiteTitle "GM"]
[BlackTitle "FM"]
[WhiteElo "2603"]
[BlackElo "2238"]
[WhiteFideId "4130804"]
[BlackFideId "401692"]
[EventDate "2015.12.04"]

1. Nf3 Nf6 2. d4 g6 3. Bf4 Bg7 4. e3 O-O 5. Be2 d6 6. O-O Nbd7 7. h3 e6 8. c4
Qe7 9. Nc3 e5 10. Bh2 Ne8 11. Rc1 c6 12. b4 e4 13. Nd2 f5 14. Nb3 Qf7 15. c5 d5
16. b5 Ndf6 17. bxc6 bxc6 18. Na5 Bd7 19. Ba6 Bc8 20. Be2 Bd7 21. Qa4 g5 22.
Nxc6 Qe6 23. Bb5 a6 24. Ne5 Bxb5 25. Nxb5 Nh5 26. Nc3 Bxe5 27. Bxe5 f4 28. Qb3
Nef6 29. f3 Ng3 30. fxe4 Nxf1 31. Rxf1 fxe3 32. exd5 1-0

[Event "London Classic Open 2015"]
[Site "London ENG"]
[Date "2015.12.08"]
[Round "6.29"]
[White "Lercel, Michal"]
[Black "Hector, Jonny"]
[Result "0-1"]
[BlackTitle "GM"]
[WhiteElo "2228"]
[BlackElo "2499"]
[WhiteFideId "1114700"]
[BlackFideId "1700090"]
[EventDate "2015.12.04"]

1. d4 d5 2. c4 c6 3. Nf3 Nf6 4. Nc3 dxc4 5. a4 Bf5 6. Ne5 Nbd7 7. Nxc4 Qc7 8. g3
e5 9. dxe5 Nxe5 10. Bf4 Nfd7 11. Bg2 f6 12. Nxe5 fxe5 13. Bg5 h6 14. Be3 Be7 15.
Qb3 Nf6 16. O-O a5 17. Bb6 Qd6 18. Rfd1 Qb4 19. Qxb4 axb4 20. Na2 Rxa4 21. b3
Ra6 22. Bc7 Kf7 23. Bxe5 Rha8 24. Rd2 Ne4 0-1

[Event "London Classic Open 2015"]
[Site "London ENG"]
[Date "2015.12.08"]
[Round "6.31"]
[White "Stephan, Axel"]
[Black "Galyas, Miklos"]
[Result "0-1"]
[BlackTitle "IM"]
[WhiteElo "2222"]
[BlackElo "2465"]
[WhiteFideId "4632834"]
[BlackFideId "707244"]
[EventDate "2015.12.04"]

1. Nf3 d6 2. d4 g6 3. c4 f5 4. Nc3 Nf6 5. g3 Bg7 6. Bg2 O-O 7. O-O e6 8. Re1 Ne4
9. Qc2 Nxc3 10. Qxc3 Nc6 11. b4 e5 12. e3 e4 13. Nd2 Ne5 14. Re2 Qg5 15. f4 Qg4
16. Bf1 Nd3 17. Ba3 c5 18. Rg2 cxd4 19. exd4 b5 20. Be2 Qh3 21. Bxd3 exd3 22.
Qxd3 Bb7 23. Re2 Rae8 24. Rae1 g5 25. d5 bxc4 26. Nxc4 Rxe2 27. Rxe2 gxf4 28.
Re7 f3 29. Ne3 f4 30. Rxg7+ Kxg7 31. Qd4+ Kh6 32. gxf4 Rg8+ 33. Kh1 f2 34. Qf6+
Rg6 35. Nf5+ Qxf5 0-1

[Event "London Classic Open 2015"]
[Site "London ENG"]
[Date "2015.12.08"]
[Round "6.32"]
[White "Wells, Peter K"]
[Black "Barj, Julien"]
[Result "1-0"]
[WhiteTitle "GM"]
[WhiteElo "2442"]
[BlackElo "2207"]
[WhiteFideId "400327"]
[BlackFideId "629200"]
[EventDate "2015.12.04"]

1. Nf3 Nf6 2. c4 e6 3. g3 b6 4. Bg2 Bb7 5. d4 d5 6. cxd5 exd5 7. Nc3 Be7 8. O-O
O-O 9. Ne5 c6 10. e4 Nbd7 11. Nxc6 Bxc6 12. exd5 Bb7 13. d6 Bxg2 14. dxe7 Qxe7
15. Kxg2 Rfe8 16. Qf3 Qb4 17. Rd1 Rad8 18. Rb1 h6 19. Bf4 b5 20. Qc6 Nb6 21.
Qxb5 Rxd4 22. Rxd4 Qxd4 23. Rd1 Qc4 24. Qxc4 Nxc4 25. b3 Nb6 26. a4 a6 27. Rd6
Re6 28. Rxe6 fxe6 29. Kf3 Kf7 30. h3 Ke7 31. Ne4 Nfd7 32. Bd6+ Kf7 33. Ke2 e5
34. Nc5 Nxc5 35. Bxc5 Nd7 36. Be3 Ke6 37. Kd3 Kd5 38. Kc3 Nb8 39. b4 h5 40. b5
axb5 41. axb5 g6 42. Kb4 1-0

[Event "London Classic Open 2015"]
[Site "London ENG"]
[Date "2015.12.08"]
[Round "6.33"]
[White "Murphy, Hugh W"]
[Black "Jackson, James P"]
[Result "0-1"]
[BlackTitle "FM"]
[WhiteElo "2168"]
[BlackElo "2355"]
[WhiteFideId "422444"]
[BlackFideId "416860"]
[EventDate "2015.12.04"]

1. d4 Nf6 2. Nf3 e6 3. e3 c5 4. Bd3 d5 5. c3 Nc6 6. O-O Bd6 7. Nbd2 O-O 8. Qe2
e5 9. dxc5 Bxc5 10. e4 Bg4 11. b4 Bb6 12. exd5 Nxd5 13. Ne4 Kh8 14. Bc4 f5 15.
Bg5 Nf6 16. Rad1 Qc7 17. Nxf6 gxf6 18. Bh6 Rfe8 19. h3 Bh5 20. Rd2 e4 21. Rfd1
exf3 22. Rd7 Qg3 23. Qf1 fxg2 24. Qxg2 Qxg2+ 25. Kxg2 Rg8+ 26. Bxg8 Rxg8+ 27.
Bg7+ Rxg7+ 28. Rxg7 Kxg7 29. Rd7+ Kg6 30. Rxb7 f4 31. a4 Ne5 32. a5 Bf3+ 0-1

[Event "London Classic Open 2015"]
[Site "London ENG"]
[Date "2015.12.08"]
[Round "6.34"]
[White "Papp, Petra"]
[Black "Player, Edmund C"]
[Result "1/2-1/2"]
[WhiteTitle "WGM"]
[WhiteElo "2336"]
[BlackElo "2183"]
[WhiteFideId "739049"]
[BlackFideId "406520"]
[EventDate "2015.12.04"]

1. e4 e6 2. d4 d5 3. Nc3 Bb4 4. e5 Ne7 5. a3 Bxc3+ 6. bxc3 c5 7. Qg4 Qc7 8. Bd3
cxd4 9. Ne2 dxc3 10. Qxg7 Rg8 11. Qxh7 Nd7 12. Bf4 Nc5 13. Bg3 Bd7 14. O-O O-O-O
15. Qxf7 Be8 16. Qf4 Kb8 17. Qd4 Nxd3 18. cxd3 Rc8 19. Rfc1 Nf5 20. Qxc3 Qxc3
21. Rxc3 Rxc3 22. Nxc3 Nd4 23. f4 Bg6 24. Bf2 Nc2 25. Rd1 Nxa3 26. Bc5 Nc2 27.
Bd6+ Kc8 28. Nb5 a6 29. Rc1 Bxd3 30. Nd4 Kd7 31. Nxc2 Rc8 32. Rb1 b5 33. Ra1
Rxc2 34. Rxa6 Be4 35. Ra7+ Ke8 36. g3 Rg2+ 37. Kf1 d4 38. Ra3 Rd2 39. Ke1 1/2-1/2

[Event "London Classic Open 2015"]
[Site "London ENG"]
[Date "2015.12.08"]
[Round "6.35"]
[White "Hill, Alistair"]
[Black "Bates, Richard A"]
[Result "0-1"]
[BlackTitle "IM"]
[WhiteElo "2157"]
[BlackElo "2331"]
[WhiteFideId "432407"]
[BlackFideId "403555"]
[EventDate "2015.12.04"]

1. d4 Nf6 2. c4 g6 3. Nc3 Bg7 4. e4 d6 5. Nf3 O-O 6. Be2 Nbd7 7. O-O e5 8. Qc2
c6 9. d5 c5 10. Ne1 Ne8 11. Nd3 a6 12. a3 b5 13. b4 bxc4 14. Nb2 cxb4 15. axb4
Nb6 16. Be3 f5 17. f3 f4 18. Bf2 g5 19. b5 h5 20. bxa6 Rxa6 21. Rxa6 Bxa6 22.
Nca4 Nxa4 23. Qxa4 Bc8 24. Nxc4 g4 25. Kh1 Kh8 26. Rb1 g3 27. hxg3 fxg3 28. Bxg3
Qg5 29. Bf2 Rg8 30. Rg1 Qe7 31. Qc6 Bd7 32. Qb7 Bh6 33. g3 Nf6 34. Ne3 Qh7 35.
Qb4 Rf8 36. Rg2 Qe7 37. Rh2 Re8 38. Nc4 Bf8 39. Bf1 Ra8 40. Bh3 Ra1+ 41. Kg2 Be8
42. Qb2 Ra4 43. Ne3 Qc7 44. Bf5 Qa5 45. Ng4 Nxg4 46. Bxg4 Ra2 47. Qc1 Qa7 48.
Qf1 Bh6 49. Bxh5 Bb5 50. Qg1 Be3 51. Be8+ Kg8 52. Bxb5 Bxf2 53. Qf1 Bg1+ 54. Kh1
Rxh2# 0-1

[Event "London Classic Open 2015"]
[Site "London ENG"]
[Date "2015.12.08"]
[Round "6.36"]
[White "Nguyen, Piotr"]
[Black "Jones, Steven A"]
[Result "1-0"]
[WhiteElo "2329"]
[BlackElo "2160"]
[WhiteFideId "1127993"]
[BlackFideId "419630"]
[EventDate "2015.12.04"]

1. d4 Nf6 2. Bg5 c5 3. d5 Ne4 4. Bf4 Qb6 5. Bc1 e6 6. f3 Nf6 7. e4 exd5 8. exd5
d6 9. Ne2 Be7 10. Nec3 O-O 11. Be2 Bf5 12. O-O Qd8 13. Nd2 a6 14. a4 b6 15. Nc4
Nbd7 16. g4 Bg6 17. f4 h6 18. f5 Bh7 19. Bf4 Ne8 20. Qd2 Rb8 21. Bd3 Ndf6 22.
Qg2 Nc7 23. h4 b5 24. axb5 axb5 25. Na5 b4 26. Nc6 Qd7 27. Rae1 Rbe8 28. g5 bxc3
29. Rxe7 1-0

[Event "London Classic Open 2015"]
[Site "London ENG"]
[Date "2015.12.08"]
[Round "6.37"]
[White "Richardson, John R"]
[Black "Giannatos, Peter"]
[Result "1/2-1/2"]
[WhiteTitle "FM"]
[WhiteElo "2302"]
[BlackElo "2149"]
[WhiteFideId "401617"]
[BlackFideId "2041650"]
[EventDate "2015.12.04"]

1. d4 Nf6 2. c4 c5 3. d5 b5 4. cxb5 a6 5. bxa6 g6 6. Nc3 Bxa6 7. g3 d6 8. Bg2
Nbd7 9. Rb1 Bg7 10. Nf3 Nb6 11. b3 Ra7 12. O-O Qa8 13. Bb2 O-O 14. Nh4 Rb8 15.
Re1 Nfd7 16. a4 Nc4 17. Ba1 Na3 18. Rc1 Qb7 19. Nb5 Nxb5 20. Bxg7 Kxg7 21. axb5
Qxb5 22. Rc3 Qb4 23. Qc2 Rba8 24. Rc1 Nf6 25. h3 Bb5 26. Re3 Ra2 27. Qd1 R8a7
28. Nf3 Kf8 29. Rb1 Ne4 30. Qc1 Rxe2 31. Rxe2 Bxe2 32. Qb2 Kg8 33. Qxe2 Nc3 34.
Qd3 Nxb1 35. Qxb1 Ra3 36. Qc1 Rxb3 37. Qh6 f6 38. Kh2 Rd3 39. h4 Qc3 40. h5 Rxf3 1/2-1/2